[Event "GER-ch Net blitz qual4"]
[Site "Playchess.com INT"]
[Date "2021.05.10"]
[Round "5"]
[White "Kirschfink, Bernd"]
[Black "Piekorz, Roland"]
[Result "1/2-1/2"]
[WhiteElo "1379"]
[BlackElo "1663"]
[PlyCount "84"]
[EventDate "2021.05.10"]
[EventType "swiss (blitz)"]
[EventRounds "11"]
[EventCountry "GER"]
[SourceTitle "CBM 202 Extra"]
[Source "ChessBase"]
[SourceDate "2021.07.31"]
[SourceVersion "1"]
[SourceVersionDate "2021.07.31"]
[SourceQuality "1"]

1. d4 Nf6 2. c4 g6 3. Nc3 Bg7 4. e4 d6 5. Nf3 0-0 6. Be2 Nc6 7. 0-0 Bg4 8. Be3 e5 9. d5 Ne7 10. h3 Bxf3 11. Bxf3 h6 12. Qd2 Kh7 13. Ne2 Nd7 14. g4 g5 15. Ng3 Rg8 16. Nf5 Nxf5 17. exf5 Bf6 18. Be4 Kg7 19. f3 Rh8 20. Kf2 Qe7 21. b4 b6 22. Rh1 a5 23. a3 Ra7 24. Ra2 axb4 25. axb4 Rha8 26. Rha1 Rxa2 27. Rxa2 Rxa2 28. Qxa2 Qd8 29. Qa4 Nb8 30. c5 bxc5 31. bxc5 Be7 32. c6 Qc8 33. Qa7 Na6 34. Qb7 Qb8 35. Qxb8 Nxb8 36. Bd3 Bd8 37. Ba7 Nxc6 38. dxc6 Kf6 39. Bc4 Ke7 40. Ke3 Kf6 41. Ke4 Ke7 42. Kd5 Kf6 1/2-1/2

[Event "Regionalliga NW 9495"]
[Site "Bayern"]
[Date "1995.??.??"]
[Round "?.5"]
[White "Burgemeister, Wolfgang"]
[Black "Piekorz, Roland"]
[Result "0-1"]
[WhiteElo "2070"]
[BlackElo "1930"]
[PlyCount "62"]
[EventDate "1994.10.??"]
[EventType "team-tourn"]
[EventRounds "9"]
[EventCountry "GER"]
[SourceTitle "EXT 1999"]
[Source "ChessBase"]
[SourceDate "1998.11.16"]
[SourceVersion "1"]
[SourceVersionDate "1998.11.16"]
[SourceQuality "1"]
[WhiteTeam "Coburg"]
[BlackTeam "Bamberg TV"]
[WhiteTeamCountry "GER"]
[BlackTeamCountry "GER"]

1. Nf3 g6 2. c4 Bg7 3. d4 c5 4. g3 Nf6 5. Bg2 0-0 6. 0-0 Nc6 7. d5 Nb8 8. Nc3 d6 9. e4 Na6 10. h3 Nc7 11. Qe2 e5 12. dxe6 Bxe6 13. Rd1 Qe7 14. Bf4 Rad8 15. Re1 Rfe8 16. Rad1 Bc8 17. Qd3 Bf8 18. Bg5 Bg7 19. Qd2 a6 20. a4 b6 21. Nd5 Ncxd5 22. exd5 Qd7 23. Qc2 Rxe1+ 24. Rxe1 Re8 25. Bd2 Rxe1+ 26. Nxe1 Qe8 27. Qb3 Qe2 28. Qd3 Qd1 29. b3 Bf5 30. Qe3 h5 31. f3 Ne4 0-1

[Event "Regionalliga NW 9495"]
[Site "Bayern"]
[Date "1994.??.??"]
[Round "?.5"]
[White "Ledfuss, Guntram"]
[Black "Piekorz, Roland"]
[Result "0-1"]
[WhiteElo "1905"]
[BlackElo "1930"]
[PlyCount "80"]
[EventDate "1994.10.??"]
[EventType "team-tourn"]
[EventRounds "9"]
[EventCountry "GER"]
[SourceTitle "EXT 1999"]
[Source "ChessBase"]
[SourceDate "1998.11.16"]
[SourceVersion "1"]
[SourceVersionDate "1998.11.16"]
[SourceQuality "1"]
[WhiteTeam "Sand"]
[BlackTeam "Bamberg TV"]
[WhiteTeamCountry "GER"]
[BlackTeamCountry "GER"]

1. d4 Nf6 2. c4 c5 3. d5 e6 4. Nc3 exd5 5. cxd5 d6 6. e4 g6 7. f4 Bg7 8. Be2 Nfd7 9. Nf3 0-0 10. 0-0 Na6 11. Be3 Re8 12. Nd2 Nc7 13. a4 Bxc3 14. bxc3 Nxd5 15. exd5 Rxe3 16. Nc4 Rxc3 17. Nxd6 Nf6 18. Nb5 Re3 19. Qd2 Re7 20. Bf3 a6 21. Nc3 Qd6 22. Rae1 Rxe1 23. Rxe1 Bf5 24. Re5 b6 25. Qe2 h5 26. h3 b5 27. axb5 axb5 28. Qxb5 Ra1+ 29. Kh2 Nd7 30. Re8+ Kg7 31. g3 h4 32. Qb2 hxg3+ 33. Kg2 Qa6 34. Be2 c4 35. Ne4+ f6 36. Re7+ Kh6 37. d6 Ra2 38. Nxf6 Nxf6 39. Qxf6 Rxe2+ 40. Kxg3 Qa3+ 0-1

[Event "Regionalliga NW 9495"]
[Site "Bayern"]
[Date "1994.??.??"]
[Round "?.5"]
[White "Piekorz, Roland"]
[Black "Graef, Harald"]
[Result "1/2-1/2"]
[WhiteElo "1930"]
[BlackElo "2150"]
[PlyCount "86"]
[EventDate "1994.10.??"]
[EventType "team-tourn"]
[EventRounds "9"]
[EventCountry "GER"]
[SourceTitle "EXT 1999"]
[Source "ChessBase"]
[SourceDate "1998.11.16"]
[SourceVersion "1"]
[SourceVersionDate "1998.11.16"]
[SourceQuality "1"]
[WhiteTeam "Bamberg TV"]
[BlackTeam "Wuerzburg II"]
[WhiteTeamCountry "GER"]
[BlackTeamCountry "GER"]

1. c4 f5 2. Nc3 Nf6 3. g3 g6 4. Bg2 Bg7 5. d3 0-0 6. e4 e5 7. exf5 gxf5 8. Nge2 d6 9. 0-0 c6 10. Bg5 Be6 11. Qd2 Kh8 12. Rad1 Nbd7 13. b3 Qe8 14. d4 Qh5 15. Bxf6 Nxf6 16. c5 dxc5 17. dxe5 Ng4 18. h3 Nxe5 19. Nf4 Qf7 20. Qe3 Rae8 21. Rfe1 Bc8 22. Nce2 b6 23. Qd2 c4 24. Qd6 cxb3 25. axb3 c5 26. b4 Nc4 27. Qc6 Ne5 28. Qd6 cxb4 29. Qxb4 Bb7 30. Nd4 Bxg2 31. Kxg2 Qb7+ 32. f3 Nc6 33. Nxc6 Qxc6 34. Qb1 Be5 35. Nd3 Qf6 36. f4 Qc6+ 37. Kh2 Bc3 38. Ne5 Bxe5 39. fxe5 f4 40. gxf4 Rxf4 41. Qb2 Qe6 42. Rd6 Qf5 43. Rf6 Qg5 1/2-1/2